00652nam a2200241Ia 4500003000400000005001700004006001800021007000300039008004100042024001000083037001800093040001800111041001300129100003200142110005900174245005500233260000900288300001500297650000800312700005900320942001200379999001900391OSt20220930203824.0a|||||r|||| 00| 0ta220926b |||||||| |||| 00| 0 eng d a80473 cDissertations aCRLcCRLbeng 2engaeng aPandey Sanjay Kumar9540408 aUniversity of Delhi. Faculty of Law. Department of Law 0aSystematic settlement of disputes under the W.T.O. c2000 a139p.ccm. aLAW aUniversity of Delhi. Faculty of Law. Department of Law cDIS2CC c905188d905188